Geographie auf einer Weltkarte #3 - Statistiken

Allgemein
  • Dieses Quiz wurde 9.202 mal gespielt
  • Das Durchschnittsergebnis liegt bei 13 aus 25
Antworten auf der Karte
Die Antworten werden auf der Karte rot bzw. grün angezeigt, abhängig davon wie oft sie richtig erraten wurden.
 
Antwortstatistiken
Art Antwort % Korrekt
Hauptstadt Madrid
95%
Land Belarus
86%
Meer Ostsee
83%
Land Mali
81%
Land Mosambik
73%
Land Usbekistan
73%
Hauptstadt Santiago
72%
Fluss Amazonas
71%
Meer Schwarzes Meer
71%
Meer Golf von Mexiko
69%
Hauptstadt Wellington
65%
Fluss Donau
59%
Land Costa Rica
54%
Fluss Mississippi
53%
Wolkenkratzer Burj Khalifa
52%
Hauptstadt Islamabad
41%
Meer Japanisches Meer
40%
Hauptstadt Luanda
32%
Meer Golf von Bengalen
31%
Meer Hudson Bay
28%
Fluss Jangtsekiang
25%
Wolkenkratzer Shanghai Tower
18%
Wolkenkratzer Mecca Royal Clock Tower
6%
Wolkenkratzer Merdeka PNB 118
3%
Wolkenkratzer Ping An Finance Centre
3%
Keine übereinstimmenden Quizze gefunden
Verteilung der Resultate
Anzahl Personen mit jedem Resultat
Perzentil nach korrekt beantworteten Fragen
Ihre Resultats-Entwicklung
Sie haben dieses Quiz noch nicht gespielt